[Event "GRE-ch Online Blitz op 1st"]
[Site "Tornelo INT"]
[Date "2021.02.07"]
[Round "3"]
[White "Diamantis, Angelos"]
[Black "Shahaj, Arjan"]
[Result "1-0"]
[WhiteElo "1128"]
[BlackElo "1575"]
[PlyCount "89"]
[EventDate "2021.02.07"]
[EventType "swiss (blitz)"]
[EventRounds "16"]
[EventCountry "GRE"]
[SourceTitle "EXT 2023"]
[Source "ChessBase"]
[SourceDate "2022.10.05"]
[SourceVersion "1"]
[SourceVersionDate "2022.10.05"]
[SourceQuality "1"]

1. e4 d6 2. d4 e5 3. dxe5 dxe5 4. Qxd8+ Kxd8 5. Nf3 Nc6 6. Bc4 Be7 7. Bxf7 Nh6 8. Bd5 Bd7 9. Bxh6 gxh6 10. Nc3 Bd6 11. 0-0-0 Ke7 12. Nh4 Rhf8 13. Bxc6 Bxc6 14. Nf5+ Ke6 15. f3 Rf6 16. Nxd6 cxd6 17. Nd5 Bxd5 18. Rxd5 Rg8 19. Rhd1 Ke7 20. R1d2 Rfg6 21. g3 Rf6 22. b3 Rgg6 23. R2d3 h5 24. f4 exf4 25. gxf4 Rxf4 26. Rxh5 h6 27. Rdh3 Rg2 28. Rxh6 Rff2 29. Rc3 Re2 30. h4 Rxe4 31. Rc7+ Kd8 32. Rxb7 Kc8 33. Rxa7 Kb8 34. Rf7 Re8 35. Rxd6 Rc8 36. Rd2 Rg1+ 37. Kb2 Rg4 38. h5 Rh4 39. Rh7 Rc5 40. a4 Rcxh5 41. Rxh5 Rxh5 42. Ka3 Kb7 43. c4 Kb6 44. Rd5 Kc6 45. Rxh5 1-0

[Event "GRE-ch Online Blitz op 1st"]
[Site "Tornelo INT"]
[Date "2021.02.07"]
[Round "1"]
[White "Theodoroglakis, Ioannis"]
[Black "Shahaj, Arjan"]
[Result "1-0"]
[WhiteElo "1058"]
[BlackElo "1575"]
[PlyCount "77"]
[EventDate "2021.02.07"]
[EventType "swiss (blitz)"]
[EventRounds "16"]
[EventCountry "GRE"]
[SourceTitle "EXT 2023"]
[Source "ChessBase"]
[SourceDate "2022.10.05"]
[SourceVersion "1"]
[SourceVersionDate "2022.10.05"]
[SourceQuality "1"]

1. c4 e5 2. Nc3 d6 3. g3 Be6 4. d3 Nc6 5. Bd2 Be7 6. Bg2 Nf6 7. Nf3 0-0 8. 0-0 Rb8 9. a3 Nd4 10. Nxd4 exd4 11. Nd5 Nxd5 12. cxd5 Bd7 13. Rc1 Bf6 14. b4 a6 15. Qb3 b6 16. Rc2 Re8 17. Re1 Rc8 18. Qb1 h6 19. Qc1 Ba4 20. Rb2 Qd7 21. Rb1 c6 22. dxc6 Bxc6 23. Bxc6 Rxc6 24. Qb2 Qg4 25. Rbc1 Rec8 26. Kg2 Bg5 27. Bxg5 hxg5 28. Rxc6 Rxc6 29. h3 Qe6 30. Qxd4 Qb3 31. Ra1 f6 32. Qe4 Rc2 33. Qe3 d5 34. Qxb6 Rxe2 35. Qxa6 Rd2 36. Qc8+ Kh7 37. Qf5+ Kh6 38. Qg4 Qxd3 39. Qf3 1-0

[Event "GRE-ch Online Rapid op 1st"]
[Site "Tornelo INT"]
[Date "2021.02.06"]
[Round "1"]
[White "Mouridis, Konstantinos"]
[Black "Shahaj, Arjan"]
[Result "1/2-1/2"]
[WhiteElo "1326"]
[BlackElo "1592"]
[PlyCount "117"]
[EventDate "2021.02.06"]
[EventType "swiss (rapid)"]
[EventRounds "8"]
[EventCountry "GRE"]
[SourceTitle "EXT 2023"]
[Source "ChessBase"]
[SourceDate "2022.10.05"]
[SourceVersion "1"]
[SourceVersionDate "2022.10.05"]
[SourceQuality "1"]

1. e4 e5 2. Nf3 d6 3. h3 Nc6 4. Bc4 Be7 5. 0-0 Nf6 6. Nc3 0-0 7. d4 exd4 8. Nxd4 Nxd4 9. Qxd4 Nd7 10. Kh1 Nb6 11. Bb3 Bf6 12. Qd3 c5 13. Bf4 c4 14. Bxc4 Nxc4 15. Qxc4 Be6 16. Qe2 Rc8 17. Rad1 Bxc3 18. Bxd6 Bc4 19. Qg4 Bxf1 20. bxc3 Qf6 21. Bxf8 Rxf8 22. Rxf1 Qxc3 23. Qd7 Qxc2 24. Qxb7 Qxa2 25. f3 g6 26. Rd1 a5 27. Rd5 a4 28. Ra5 Rd8 29. Qb6 Rd1+ 30. Kh2 Qb3 31. Ra8+ Kg7 32. Qa5 Rd7 33. Qxa4 Qxa4 34. Rxa4 h6 35. Kg3 g5 36. Ra5 Kg6 37. Rf5 f6 38. h4 Rd2 39. hxg5 hxg5 40. Kh3 Rd1 41. Rd5 Re1 42. Kg3 Re2 43. Kh3 Re1 44. g3 Re3 45. Kg4 Re1 46. f4 Rxe4 47. Kf3 Ra4 48. fxg5 fxg5 49. Ke3 Rb4 50. Rd4 Rxd4 51. Kxd4 Kf5 52. Ke3 Kg4 53. Kf2 Kf5 54. Kf3 Ke5 55. Kg4 Kf6 56. Kh5 Kf5 57. Kh6 Kf6 58. Kh5 Kf5 59. Kh6 1/2-1/2

[Event "GRE-ch Online Rapid op 1st"]
[Site "Tornelo INT"]
[Date "2021.02.06"]
[Round "6"]
[White "Shahaj, Arjan"]
[Black "Tsakona, Maria"]
[Result "0-1"]
[WhiteElo "1592"]
[BlackElo "1357"]
[PlyCount "110"]
[EventDate "2021.02.06"]
[EventType "swiss (rapid)"]
[EventRounds "8"]
[EventCountry "GRE"]
[SourceTitle "EXT 2023"]
[Source "ChessBase"]
[SourceDate "2022.10.05"]
[SourceVersion "1"]
[SourceVersionDate "2022.10.05"]
[SourceQuality "1"]

1. e4 c6 2. Nf3 d5 3. exd5 cxd5 4. d4 Nc6 5. Bd3 Bg4 6. c3 Nf6 7. h3 Bh5 8. Bg5 e6 9. Nbd2 Be7 10. 0-0 0-0 11. Qc2 Bg6 12. Bxg6 hxg6 13. Rfe1 b5 14. a3 a5 15. Qd3 Rb8 16. Ne5 Nxe5 17. dxe5 Nd7 18. Bxe7 Qxe7 19. Nf3 Rfc8 20. Nd4 b4 21. axb4 axb4 22. Ra7 Nc5 23. Rxe7 Nxd3 24. Ra1 bxc3 25. bxc3 Nxe5 26. f4 Nc6 27. Nxc6 Rxc6 28. Raa7 Rf8 29. Rac7 Rxc7 30. Rxc7 Rd8 31. Kf2 Kf8 32. Ke3 Ke8 33. Kd4 Rd7 34. Rc8+ Ke7 35. g4 Kf6 36. h4 Ra7 37. c4 Ra4 38. Rc7 Rxc4+ 39. Rxc4 dxc4 40. Ke4 e5 41. f5 gxf5+ 42. gxf5 c3 43. Kd3 Kxf5 44. Kxc3 Kg4 45. Kd3 Kxh4 46. Ke4 f6 47. Kf5 Kg3 48. Ke4 g6 49. Ke3 f5 50. Ke2 f4 51. Kf1 f3 52. Kg1 f2+ 53. Kf1 g5 54. Ke2 Kg2 55. Ke3 f1Q 0-1